000 00696nam a2200253 i 4500
001 13945
003 ES-MaACL
005 20250727033917.0
007 t|
008 980818s1990 fr ||||1| fre d
020 _a2-08-066444-1
080 _a32(100)"19"
080 _a330.342.14
080 _a330.85
100 1 _aLa Gorce, Paul-Marie de.
_969153
245 1 0 _aRequiem pour les révolutions /
_cPaul-Marie de la Gorce.
260 _aParis :
_bFlammarion,
_c[1990]
300 _a248 p. ;
_c22 cm.
650 4 _aPolĂ­tica mundial.
_916301
650 1 4 _aCapitalismo.
_910760
650 7 _aComunismo
_2embne
_911211
852 _aES-MaACL
_jL-21214
_bR.119036
999 _c13945
_d13945